000 00537nam a2200169Ia 4500
003 GCL
008 140319s9999 xx 000 0 ara d
040 _aGCL /
_cGCL
082 0 4 _a615.852
_bع ا
100 1 _aعكاشة عبدالمنان الطيبى
245 1 0 _aالاستشفاء بالقرأن والدعاء /
_cعكاشة عبدالمنان الطيبى
260 _a[S.N] :
_bمكتبة التراث الاسلامى ،
_c1992
300 _a141 ص
490 _a
650 0 4 _aالعلاج الدينى
942 _2ddc
_cBK
999 _c53991
_d53991